000 00529nam a2200193Ia 4500
005 20250508160744.0
008 008 250505s9999 xx 000 0 eng d
037 _aTextual
040 _aFEDL
_beng
_cFEDL
041 _aeng
_2eng
084 _a330, SAM
_qFEDL
100 _aSamuelson Paul Anthony
245 0 _aFoundations of economic analysis
260 _aCambridge
_bHarvard University Press
_c1971
300 _axii,447p
650 _aEconomics
942 _cTEXL
_h330, SAM
999 _c1366431
_d1366431